000 00611nam a22001937a 4500
003 BD-DhJNU
005 20250519092453.0
008 250519b |||||||| |||| 00| 0 eng d
020 _a0256024138
040 _aBD-DhJNU
_bENG
_cBD-DhJNU
_dBD-DhJNU
082 _223
_a306.80973 DYC
100 _aDyer, Everett D.
245 _aCourtship, marriage & family :
_bAmerican style /
_cEverett D. Dyer
260 _aHomewood :
_bThe Dorsey Press,
_c1983.
300 _a xviii,461p. :
_bill. ;
_c25 cm.
504 _aIncludes bibliographical references and index
650 _aLife Styles Marriage
942 _2ddc
_cBK
_n0
999 _c1719
_d1719